| 000 | 00413cam a22001217a 4500 | ||
|---|---|---|---|
| 008 | 180718b1991 xxu||||| |||| 00| 0 eng d | ||
| 082 | _aZ2x54 B469/91 | ||
| 100 | _aBhatia, B.M. | ||
| 245 |
_aFamines in India: a study in some aspects of the economic history of India with special reference to food problem 1860-1890 _cby B.M. Bhatia |
||
| 260 |
_aDelhi _bKonark _c1991 |
||
| 300 | _a383p. | ||
| 650 | _aFamine - India | ||
| 999 |
_c476396 _d476396 |
||